Hướng dẫn sử dụng paint shop pro : Tin học thực hành

Zapisane w:
Opis bibliograficzny
1. autor: Nguyễn, Hoàng Lâm
Format: Książka
Język:Undetermined
Wydane: Đồng Nai Nhà xuất bản Đồng Nai 2005
Hasła przedmiotowe:
Etykiety: Dodaj etykietę
Nie ma etykietki, Dołącz pierwszą etykiete!
Thư viện lưu trữ: Trung tâm Học liệu Trường Đại học Cần Thơ
LEADER 00638nam a2200217Ia 4500
001 CTU_98032
008 210402s9999 xx 000 0 und d
020 |c 62000 
082 |a 006.68 
082 |b L120 
100 |a Nguyễn, Hoàng Lâm 
245 0 |a Hướng dẫn sử dụng paint shop pro : 
245 0 |b Tin học thực hành 
245 0 |c Nguyễn Hoàng Lâm 
260 |a Đồng Nai 
260 |b Nhà xuất bản Đồng Nai 
260 |c 2005 
650 |a Computer graphics 
650 |x Computer programs 
904 |i Tuyến 
980 |a Trung tâm Học liệu Trường Đại học Cần Thơ